000 00685nmm a2200193Ia 4500
008 251105s9999||||xx |||||||||||||||||und||
020 _a9789587382334
041 _aspa
100 _aCabrera Martínez, Alejandra María
245 0 _aLa complejidad y la formación en administración : aproximaciones a una nueva visión de la ciencia
264 _a[Bogotá, Colombia] :
_bUniversidad del Rosario,
_c2012
300 _a154 páginas
490 _aComplejidad
650 _aEconomics and Business
700 _aCabrera Martínez, Alejandra María
700 1 _a Hernández Martínez, Andrés Guillermo
856 _uhttps://public.digitaliapublishing.com/a/17307
942 _cCF
999 _c63273
_d63273